000 00557cab a2200205 4500
001 WB3206-34
008 090401t1996 xxu||||| |||| 00| 0 eng d
035 _a(Sirsi) u21228
041 _aeng
245 _aHomeowning made easy
260 _c1996
350 _a0
490 _aDaily Telegraph
_v3 February 1996, B12(1)
520 _aConsiders the advantages for homebuyers of shared ownership schemes.
650 _aDIY SHARED OWNERSHIP
650 _aHOUSING ASSOCIATIONS
690 _aBlock management
_96220
942 _n0
948 _c04/03/1997
999 _c14249
_d14249